The Office (U.S) Quotes Quiz- Who said it? - Statistics

General Stats
  • This quiz has been taken 322 times
  • The average score is 13 of 14
Answer Stats
Hint Answer % Correct
"’R' is among the most menacing of sounds. That's why they call it 'murder' and not 'mukduk.'” Dwight
100%
“Everything I have I owe to this job… this stupid, wonderful, boring, amazing job.” Jim
99%
“I’m not superstitious, but I am a little stitious.” Michael
99%
“How is it possible that in five years, I’ve had two engagement rings and only one chair?” Pam
99%
“Did I stutter?” Stanley
99%
“Me think, why waste time say lot word, when few word do trick.” Kevin
98%
“Rit-dit-dit-do-doo!” Andy
96%
“I talk a lot, so I’ve learned to tune myself out.” Kelly
96%
“Oh, you’re paying way too much for worms. Who’s your worm guy?” Creed
94%
“I normally don’t enjoy making people laugh.” Angela
92%
"The real crime, I think, was the beard.” Oscar
86%
“I miss the days when there was only one party I didn’t want to go to.” Ryan
86%
“I’m glad Michael’s getting help. He has a lot of issues, and he’s stupid.” Phyllis
81%
“Hey everybody, he’s not in the men’s room. Although the seat was warm, so we may have just missed him.” Meredith
70%
No matching quizzes found
Score Distribution
Percent of People with Each Score
Percentile by Number Answered
Your Score History
You have not taken this quiz